2. album přednesových skladeb clarinetto e piano /

Hlavní autor: Kratochvíl, Jiří, 1924-2014
Jazyk: Nelze použít, není lingvistický obsah
Vydáno: Praha : Supraphon, 1979
Vydání: 2. vyd.
Edice: Repertoár dechových nástrojů
Fyzický popis: 15 s.
Hudebniny Hudebniny
Uloženo v:
LEADER 00818ncm a22002412a 4500
001 001197272
003 CZ BrMZK
005 20120313140302.0
007 qu
008 120228s1979 xr |||||||||||||||||zxx d
040 |a BOA001  |b cze 
072 7 |a 788  |x Hudba pro dechové nástroje  |2 Konspekt  |9 9 
100 1 |a Kratochvíl, Jiří,  |d 1924-2014  |7 jk01062971  |4 edt 
245 1 0 |a 2. album přednesových skladeb  |h [hudebnina] :  |b clarinetto e piano /  |c upravil Jiří Kratochvíl 
250 |a 2. vyd. 
260 |a Praha :  |b Supraphon,  |c 1979 
300 |a 15 s. 
490 1 |a Repertoár dechových nástrojů ;  |v 27 
830 0 |a Repertoár dechových nástrojů 
910 |a BOA001  |b Mus4-0814.946 
990 |a MU 
991 |b 201202 
996 6 |b 2619073732  |c Mus4-0814.946  |l MZK  |r Sklad / do 1 hodiny  |n 0  |w 001230917  |u 000010  |a 1  |e BOA001  |j MZK50  |s P